00377 2200157 4500001002100000005001500021035002000036245004900056100001100105300001200116260003500128082000800163084001400171020002200185990001200207INLIS00000000000183420250508011357 a0010-05250001261 aPendidikan Pancasila /cProf. Dr. Kaelan,M.S0 aKaelan a272 hlm aYogyakarta :bParadigma,c2014 a370 a370 KAE p a978-979-8658-00-0 a0754770